000 00634nam a22002055i 4500
001 172175
003 ES-MaACL
005 20250808004244.0
008 090616s1963 sp |||| | spa d
080 _a301:282(04)
245 0 0 _aSocialización y persona humana /
_cAlain Barrère... [et al.].
260 _aBarcelona :
_bNova Terra,
_c[1963]
300 _a388 p. ;
_c21 cm.
490 1 _aEl mundo y los hombres
650 _aCristianismo-
_xSociología.
_917204
700 1 _aBarrère, Alain.
_925938
830 0 3 _aEl mundo y los hombres
_9181466
852 _aES-MaACL
_jC-23675
_9R.52497
999 _c172175
_d172175